Gaming Quiz

Random Gaming or Clickable Quiz

Quick Pick: Broken Dolls Quiz Stats

 Plays Quiz not verified by Sporcle

Support Sporcle.
Go Orange.
Score 0/15 Timer 01:30
0 Plays Today
% Correct
G.I.
95.8%
Strawberry
94.4%
Care
93.7%
Beanie
93.6%
Polly
91.6%
Shirley
91.4%
Chatty
87.9%
Betsy
85.3%
% Correct
Raggedy
84.3%
American
84.2%
Living
79.3%
Lala
75.2%
Baby
69.1%
Gay
63.7%
Madame
62.3%

You're not logged in!

Compare scores with friends on all Sporcle quizzes.
OR
Log In

From the Vault

Asia per 3rd Letter

by RobPro

We don't like to think of these letters as being in 3rd place, instead we like to imagine that all the letters are good friends.
Remove Ads.
Support Sporcle.
Get the best of Sporcle when you Go Orange. This ad-free experience offers more features, more stats, and more fun while also helping to support Sporcle. Thank you for becoming a member.

Show Comments

Extras

Top Quizzes Today


Score Distribution

Your Account Isn't Verified!

In order to create a playlist on Sporcle, you need to verify the email address you used during registration. Go to your Sporcle Settings to finish the process.

Report this User

Report this user for behavior that violates our Community Guidelines.

Details: